Statistics for 2010 World Cup Winners - Spain

Click here to take the quiz!

General Stats

  • This quiz has been taken 30 times
  • The average score is 16 of 23

Answer Stats

#PositionAnswer% Correct
6MFAndrés Iniesta
97%
8MFXavi
97%
1GKIker Casillas
93%
9FWFernando Torres
93%
3DFGerard Piqué
93%
15DFSergio Ramos
93%
7FWDavid Villa
93%
5DFCarles Puyol
87%
12GKVictor Valdés
83%
21MFDavid Silva
77%
18FWPedro
73%
14MFXabi Alonso
73%
16MFSergio Busquets
70%
10MFCesc Fàbregas
63%
11DFJoan Capdevila
60%
23GKPepe Reina
60%
17DFÁlvaro Arbeloa
50%
2DFRaúl Albiol
40%
13MFJuan Mata
40%
22MFJesús Navas
37%
19FWFernando Llorente
30%
4DFCarlos Marchena
27%
20MFJavi Martínez
27%

Score Distribution

Percentile by Number Answered

Percent of People with Each Score

Your Score History

You have not taken this quiz